<?xml version="1.0" encoding="UTF-8"?>
<record
    xmlns:xsi="http://www.w3.org/2001/XMLSchema-instance"
    xsi:schemaLocation="http://www.loc.gov/MARC21/slim http://www.loc.gov/standards/marcxml/schema/MARC21slim.xsd"
    xmlns="http://www.loc.gov/MARC21/slim">

  <leader>01443nam a2200241 a 4500</leader>
  <controlfield tag="001">BRCA_8919</controlfield>
  <controlfield tag="005">20190320210446.0</controlfield>
  <controlfield tag="008">220617s1780----sp-#######---#000-0#spa-#</controlfield>
  <datafield tag="041" ind1=" " ind2=" ">
    <subfield code="a">spa</subfield>
  </datafield>
  <datafield tag="044" ind1=" " ind2=" ">
    <subfield code="a">sp</subfield>
  </datafield>
  <datafield tag="084" ind1=" " ind2=" ">
    <subfield code="a">CO84</subfield>
    <subfield code="b">.L37 1780</subfield>
  </datafield>
  <datafield tag="100" ind1="1" ind2=" ">
    <subfield code="a">Larraga, Francisco</subfield>
    <subfield code="d">1671? - 1724</subfield>
    <subfield code="9">22178</subfield>
  </datafield>
  <datafield tag="245" ind1="1" ind2="0">
    <subfield code="a">Promptuario de la theologia moral</subfield>
    <subfield code="c">compuesto primeramente por el P. M. Fr. Francisco Larraga, del sagrado orden de predicadores: despu&#xE9;s reformado, y corregido en algunas de sus opiniones, &#xE9; ilustrado con la explicaci&#xF3;n de varias Constituciones N. SS. P. Benedicto XIV, en especial de las que hablan del Solicitante in Confessione: del Ayuno, &amp;c. por el Convento de Santiago del mismo Orden; y ahora util&#xED;simamente acabado de reformar, a&#xF1;adir, y reducir &#xE1; mejor m&#xE9;todo, orden y conexi&#xF3;n de doctrinas en todos los dem&#xE1;s tratados y materias; Por Don Francisco Santos, y Grosin, presb&#xED;tero, profesor de theologia; Primera edici&#xF3;n.</subfield>
  </datafield>
  <datafield tag="250" ind1=" " ind2=" ">
    <subfield code="a">1a ed.</subfield>
  </datafield>
  <datafield tag="260" ind1=" " ind2=" ">
    <subfield code="a">Madrid</subfield>
    <subfield code="b">En la Imprenta de D. Manuel Martin, calle de la Cruz, donde se hallar&#xE1;</subfield>
    <subfield code="c">1780</subfield>
  </datafield>
  <datafield tag="300" ind1=" " ind2=" ">
    <subfield code="a">[11], 735 p.</subfield>
    <subfield code="c">21.5 x 15 cm</subfield>
  </datafield>
  <datafield tag="500" ind1=" " ind2=" ">
    <subfield code="a">Con privilegio, y licencias necesarias</subfield>
  </datafield>
  <datafield tag="500" ind1=" " ind2=" ">
    <subfield code="a">Estado f&#xED;sico: presenta encuadernaci&#xF3;n en pergamino con cintas rotas, lomo desprendido y algunas hojas manchadas</subfield>
  </datafield>
  <datafield tag="650" ind1="1" ind2="4">
    <subfield code="a">Teolog&#xED;a moral</subfield>
    <subfield code="y">Obras anteriores a 1800</subfield>
    <subfield code="9">21355</subfield>
  </datafield>
  <datafield tag="700" ind1="1" ind2=" ">
    <subfield code="a">Benedicto XIV</subfield>
    <subfield code="c">Papa</subfield>
    <subfield code="9">21877</subfield>
  </datafield>
  <datafield tag="902" ind1=" " ind2=" ">
    <subfield code="a">CFM</subfield>
  </datafield>
  <datafield tag="942" ind1=" " ind2=" ">
    <subfield code="2">lcc</subfield>
    <subfield code="c">B</subfield>
  </datafield>
  <datafield tag="999" ind1=" " ind2=" ">
    <subfield code="c">8570</subfield>
    <subfield code="d">8570</subfield>
  </datafield>
  <datafield tag="952" ind1=" " ind2=" ">
    <subfield code="0">0</subfield>
    <subfield code="1">0</subfield>
    <subfield code="4">0</subfield>
    <subfield code="7">0</subfield>
    <subfield code="a">BRCA</subfield>
    <subfield code="b">BRCA</subfield>
    <subfield code="d">2017-06-22</subfield>
    <subfield code="l">0</subfield>
    <subfield code="o">CO84 .L37 1780</subfield>
    <subfield code="p">CFM00241</subfield>
    <subfield code="r">2019-03-22 00:00:00</subfield>
    <subfield code="w">2019-03-22</subfield>
    <subfield code="y">B</subfield>
  </datafield>
</record>
